[Event "South Wales International"]
[White "Williams, Ron"]
[Black "Jaberansari, Benjamin"]
[Site "Cardiff"]
[Round "2.23"]
[Annotator ""]
[Result "1-0"]
[Date "2017.07.08"]
[WhiteElo "1704"]
[BlackElo "921"]
[PlyCount "65"]

1. d4 d5 2. Bf4 Nf6 3. e3 Bf5 4. c4 e6 5. Qb3 b6 6. Nc3 c5 7. Nf3 Be7 8. cxd5 exd5 9. Bb5+ Nbd7 10. Nxd5 0-0 11. Nxe7+ Qxe7 12. 0-0 Rfe8 13. Rad1 a6 14. Bd3 Bxd3 15. Rxd3 b5 16. Qd1 a5 17. dxc5 Qxc5 18. Rxd7 Nxd7 19. Qxd7 Rad8 20. Qc7 Qxc7 21. Bxc7 Rc8 22. Bxa5 Rc2 23. Bc3 Rc8 24. Nd4 Rxb2 25. Bxb2 b4 26. Rc1 Rb8 27. Nc6 Rb6 28. Nxb4 h6 29. a3 Kh7 30. Kf1 g5 31. Rc7 Kg6 32. Rc6+ Rxc6 33. Nxc6 1-0

[Event "South Wales International"]
[White "Jones, Richard S"]
[Black "Chatalbashev, Boris"]
[Site "Cardiff"]
[Round "3.1"]
[Annotator ""]
[Result "1-0"]
[Date "2017.07.09"]
[WhiteElo "2398"]
[BlackElo "2552"]
[PlyCount "117"]

1. e4 g6 2. d4 Bg7 3. Nc3 c6 4. f4 d5 5. e5 Nh6 6. Nf3 f6 7. Bd3 Bg4 8. 0-0 0-0 9. h3 Bxf3 10. Rxf3 e6 11. Ne2 fxe5 12. dxe5 c5 13. c3 Nc6 14. Be3 Qe7 15. a3 g5 16. b4 c4 17. Bc5 cxd3 18. Bxe7 dxe2 19. Qxe2 Nxe7 20. fxg5 Nf7 21. Qb5 Nc6 22. Qxb7 Ncxe5 23. Re3 Nxg5 24. Rg3 Nef7 25. Rf1 Rae8 26. Qxa7 Ne4 27. Rgf3 Nfd6 28. Rxf8+ Bxf8 29. Rf3 h5 30. Qd7 Re7 31. Qd8 Nf5 32. a4 h4 33. a5 Kf7 34. a6 Bg7 35. Qxe7+ Kxe7 36. a7 Nxc3 37. a8=Q Bd4+ 38. Kf1 Ne4 39. Qb7+ Kf6 40. Ke2 Be5 41. Qh7 Bg3 42. Qh8+ Ke7 43. Ra3 Kf7 44. Ra7+ Kg6 45. Ra6 Nfd6 46. Ra8 Nf6 47. Ra7 e5 48. Qg7+ Kf5 49. b5 e4 50. b6 d4 51. Ra5+ Ke6 52. b7 d3+ 53. Kd1 e3 54. Qxg3 hxg3 55. b8=Q Nfe4 56. Qb3+ Kf6 57. Qxd3 Nf2+ 58. Ke2 Nxd3 59. Kxd3 1-0

[Event "South Wales International"]
[White "Petrov, Marian"]
[Black "Lauridsen, Jesper Morch"]
[Site "Cardiff"]
[Round "3.2"]
[Annotator ""]
[Result "1-0"]
[Date "2017.07.09"]
[WhiteElo "2466"]
[BlackElo "2247"]
[PlyCount "67"]

1. e4 c5 2. c3 Nf6 3. e5 Nd5 4. Nf3 e6 5. d4 cxd4 6. cxd4 d6 7. Bc4 Nc6 8. 0-0 Be7 9. Qe2 0-0 10. Nc3 Nxc3 11. bxc3 dxe5 12. dxe5 Qa5 13. Bd2 Bd7 14. Rab1 Nd8 15. Bd3 Bc6 16. c4 Qc7 17. Ng5 Bxg5 18. Bxg5 f5 19. exf6 gxf6 20. Bh6 Rf7 21. Rfe1 Kh8 22. Qg4 Qe7 23. Re3 f5 24. Qg3 Be8 25. Bg5 Qf8 26. Qh4 Rd7 27. Bh6 Qf7 28. Rg3 Nc6 29. Bg5 h5 30. Be2 Kh7 31. Bf6 Qf8 32. Qg5 Bf7 33. Bg7 Bg6 34. Qxg6+ 1-0

[Event "South Wales International"]
[White "Ledger, Dave J"]
[Black "Wells, Peter K"]
[Site "Cardiff"]
[Round "3.3"]
[Annotator ""]
[Result "1/2-1/2"]
[Date "2017.07.09"]
[WhiteElo "2218"]
[BlackElo "2434"]
[PlyCount "46"]

1. e4 e5 2. Nf3 Nc6 3. Bc4 Nf6 4. d3 h6 5. Nc3 d6 6. a3 g6 7. h3 Bg7 8. Be3 a6 9. Qd2 Ne7 10. d4 exd4 11. Bxd4 b5 12. Ba2 Bb7 13. e5 dxe5 14. Nxe5 0-0 15. 0-0-0 Qd6 16. Ng4 Nxg4 17. hxg4 Qxd4 18. Qxd4 Bxd4 19. Rxd4 Rad8 20. Rxd8 Rxd8 21. f3 Kg7 22. Re1 Nc8 23. Re5 Nb6 1/2-1/2

[Event "South Wales International"]
[White "Arkell, Keith C"]
[Black "Rysbayeva, Aigerim"]
[Site "Cardiff"]
[Round "3.4"]
[Annotator ""]
[Result "1-0"]
[Date "2017.07.09"]
[WhiteElo "2424"]
[BlackElo "2157"]
[PlyCount "109"]

1. d4 d5 2. Nf3 Nf6 3. c4 c6 4. Qc2 dxc4 5. Qxc4 Bg4 6. Ne5 Bh5 7. Nc3 e6 8. g3 Nbd7 9. Bg5 Be7 10. Rd1 Nd5 11. Bxe7 Qxe7 12. Nxd7 Qxd7 13. Bg2 0-0 14. 0-0 Qe7 15. Rd2 Rac8 16. Rc1 Nxc3 17. Qxc3 Qg5 18. e3 Rcd8 19. Qb4 e5 20. Rc5 Qe7 21. a3 f6 22. d5 Bf7 23. d6 Rxd6 24. Ra5 Rd7 25. Qxe7 Rxe7 26. Rxa7 Rc8 27. a4 e4 28. a5 Kf8 29. Rd4 Bd5 30. b4 Rd8 31. Bf1 Ke8 32. b5 cxb5 33. Bxb5+ Kf7 34. Bc4 Bxc4 35. Rxd8 Rc7 36. Rd1 Bd3 37. g4 g6 38. Kg2 Ke6 39. h4 f5 40. Ra1 Ba6 41. g5 f4 42. exf4 Kf5 43. Ra8 Kxf4 44. Ra4 Bb5 45. Rf8+ Ke5 46. Rb4 Bc6 47. Kg3 Rd7 48. Rb2 Rd3+ 49. Kh2 Ra3 50. Rf7 Rxa5 51. Rxh7 Kf5 52. Rf7+ Kg4 53. Rb3 Kxh4 54. Rg3 Rxg5 55. Rf4+ 1-0

[Event "South Wales International"]
[White "Kett, Tim"]
[Black "Jyothilal, N."]
[Site "Cardiff"]
[Round "3.5"]
[Annotator ""]
[Result "1/2-1/2"]
[Date "2017.07.09"]
[WhiteElo "2208"]
[BlackElo "1982"]
[PlyCount "76"]

1. e4 c5 2. c3 d6 3. d4 Nf6 4. Bd3 Nc6 5. dxc5 d5 6. Nd2 e5 7. Ngf3 a5 8. 0-0 Bxc5 9. Qe2 0-0 10. exd5 Qxd5 11. Ne4 Bg4 12. Nxf6+ gxf6 13. Bh6 Rfe8 14. Bc4 Qd7 15. Rad1 Qe7 16. h3 Be6 17. Bd3 f5 18. Nxe5 Qh4 19. Nxc6 Bd5 20. Qd2 bxc6 21. Qg5+ Qxg5 22. Bxg5 Bxa2 23. Bxf5 Re2 24. b4 axb4 25. cxb4 Bxb4 26. Rd4 Bc3 27. Rg4 Kh8 28. Rh4 Ra5 29. Bxh7 Kg7 30. Bd3 Rb2 31. Rg4 Kf8 32. Rc1 Ra3 33. Bc4 Bb1 34. Rg3 Bb4 35. Rxa3 Bxa3 36. Bf6 Rxf2 37. Rxb1 Rxf6 38. Rf1 Kg7 1/2-1/2

[Event "South Wales International"]
[White "Waterfield, John W"]
[Black "Brown, Thomas"]
[Site "Cardiff"]
[Round "3.6"]
[Annotator ""]
[Result "1/2-1/2"]
[Date "2017.07.09"]
[WhiteElo "1967"]
[BlackElo "2063"]
[PlyCount "71"]

1. e4 g6 2. d4 Bg7 3. Nc3 d6 4. Be3 a6 5. Bd3 b5 6. f4 Nd7 7. Nf3 c5 8. e5 cxd4 9. Nxd4 dxe5 10. Be4 exd4 11. Bxd4 Bxd4 12. Qxd4 e5 13. fxe5 Qb6 14. Qxb6 Nxb6 15. Bxa8 Nxa8 16. 0-0-0 Ne7 17. Ne4 0-0 18. Nc5 Nc6 19. Nd7 Bxd7 20. Rxd7 Nb6 21. Rd6 Rc8 22. b3 Rc7 23. Rhd1 Kf8 24. e6 fxe6 25. Rxe6 Kf7 26. Rdd6 Nb4 27. Rf6+ Kg7 28. Rxb6 Rxc2+ 29. Kb1 Rxg2 30. Rfd6 Nxa2 31. Rd7+ Kh6 32. Rxa6 Nc3+ 33. Kc1 Rxh2 34. Raa7 Na2+ 35. Kd1 Nc3+ 36. Kc1 1/2-1/2

[Event "South Wales International"]
[White "Rudd, Jack"]
[Black "Fathallah, Joe"]
[Site "Cardiff"]
[Round "3.7"]
[Annotator ""]
[Result "1-0"]
[Date "2017.07.09"]
[WhiteElo "2252"]
[BlackElo "1919"]
[PlyCount "67"]

1. e4 e6 2. d4 d5 3. Nd2 Nc6 4. Ngf3 Nf6 5. e5 Nd7 6. c4 dxc4 7. Nxc4 Nb6 8. a3 Be7 9. Nxb6 axb6 10. Bd3 Nb4 11. Bb1 Nd5 12. 0-0 Bd7 13. Re1 Bc6 14. Re4 g5 15. Rg4 h6 16. h4 gxh4 17. Rg7 Bf8 18. Rg4 Be7 19. Bd2 h3 20. g3 Qd7 21. Be4 h5 22. Rg7 h4 23. Ng5 Bxg5 24. Bxg5 hxg3 25. fxg3 Nc3 26. bxc3 Bxe4 27. Qh5 Rf8 28. Qxh3 c5 29. Rf1 Bg6 30. Rxg6 fxg6 31. Rxf8+ Kxf8 32. Qh8+ Kf7 33. Qh7+ Ke8 34. Qg8# 1-0

[Event "South Wales International"]
[White "Marusenko, Petr"]
[Black "Thorpe, Thomas"]
[Site "Cardiff"]
[Round "3.8"]
[Annotator ""]
[Result "0-1"]
[Date "2017.07.09"]
[WhiteElo "2162"]
[BlackElo "1892"]
[PlyCount "128"]

1. d4 f5 2. g3 e6 3. Bg2 Nf6 4. Nf3 Be7 5. 0-0 0-0 6. c4 d6 7. Nc3 a5 8. Re1 Ne4 9. Qc2 Nxc3 10. Qxc3 Nc6 11. Be3 Bf6 12. Rad1 Qe7 13. Qc2 e5 14. d5 Nb4 15. Qb1 g5 16. Bc1 g4 17. Nd2 Bg5 18. a3 Na6 19. b4 Bd7 20. Qb3 a4 21. Qc3 h5 22. h4 Bf6 23. e3 Rf7 24. Qc2 Rg7 25. Bb2 Rf8 26. Nf1 Bxh4 27. gxh4 Qxh4 28. c5 Qg5 29. c6 bxc6 30. Qc4 Bc8 31. dxc6+ Kh7 32. Qe2 h4 33. f4 gxf3 34. Qxf3 f4 35. Qe4+ Bf5 36. exf4 Qg6 37. Qe2 Bg4 38. Qe4 Bxd1 39. Qxg6+ Rxg6 40. Kh2 Bc2 41. Ne3 Rxf4 42. Re2 Be4 43. Bh3 Kg7 44. Ng2 Bxg2 45. Bxg2 Nxb4 46. axb4 Rxb4 47. Bd5 Rb5 48. Be4 Rg3 49. Bc1 d5 50. Bg2 Rc3 51. Bb2 Rxc6 52. Bxe5+ Kg6 53. Bh3 Rbc5 54. Rg2+ Kf7 55. Bf5 d4 56. Be4 Rxe5 57. Bxc6 a3 58. Ba4 Re3 59. Rc2 Rc3 60. Rd2 c5 61. Kg2 Kf6 62. Kf1 Kg5 63. Rg2+ Kf4 64. Bd7 Rc1+ 0-1

[Event "South Wales International"]
[White "Menadue, Jeremy F S"]
[Black "Wilson, Matthew R"]
[Site "Cardiff"]
[Round "3.11"]
[Annotator ""]
[Result "1-0"]
[Date "2017.07.09"]
[WhiteElo "2046"]
[BlackElo "1829"]
[PlyCount "36"]

1. d4 Nf6 2. c4 e6 3. Nc3 d5 4. Bg5 Be7 5. cxd5 exd5 6. Qc2 c6 7. e3 Nbd7 8. Bd3 h6 9. Bf4 0-0 10. Nf3 Re8 11. 0-0 a5 12. Nb5 Nc5 13. Nc7 Nxd3 14. Qxd3 Ne4 15. Nxa8 Bf5 16. Nc7 Nd6 17. Qb3 Qxc7 18. Rac1 Bd3 1-0

[Event "South Wales International"]
[White "Jukes, Sam"]
[Black "Van Kemenade, Rudy"]
[Site "Cardiff"]
[Round "3.14"]
[Annotator ""]
[Result "0-1"]
[Date "2017.07.09"]
[WhiteElo "1730"]
[BlackElo "1985"]
[PlyCount "112"]

1. e4 e5 2. Nf3 Nf6 3. Nxe5 d6 4. Nf3 Nxe4 5. Nc3 Nxc3 6. dxc3 Be7 7. Be3 0-0 8. Qd2 b6 9. 0-0-0 Bb7 10. Kb1 Nd7 11. Rg1 Bf6 12. Nd4 Nc5 13. g4 Ne4 14. Qc1 g6 15. g5 Bg7 16. f3 Nc5 17. f4 Re8 18. f5 Ne4 19. fxg6 fxg6 20. Bb5 c5 21. Bxe8 cxd4 22. Bxd4 Qxe8 23. Bxg7 Kxg7 24. Qf4 Qe7 25. h4 Rf8 26. Qe3 Rf5 27. Rgf1 Qe6 28. Qd4+ Re5 29. b3 Qh3 30. Qc4 Qe6 31. Qc7+ Qe7 32. Qxe7+ Rxe7 33. Kb2 Ng3 34. Rf4 Ne4 35. Re1 d5 36. Rd1 Bc6 37. a4 Rf7 38. Rxf7+ Kxf7 39. Rd4 Nc5 40. Rf4+ Ke7 41. c4 Ne6 42. Rg4 d4 43. Kc1 Bf3 44. Rg3 Be4 45. Kd2 a5 46. Rg1 Nc5 47. Rf1 Bf5 48. Rf4 Ne6 49. Rf1 Kd6 50. Re1 Nf4 51. Re8 Ng2 52. Rd8+ Bd7 53. h5 gxh5 54. Kd3 h4 55. Rf8 h3 56. Rf1 Ke5 0-1

[Event "South Wales International"]
[White "Taylor, Robert Graham"]
[Black "Williams, Ron"]
[Site "Cardiff"]
[Round "3.17"]
[Annotator ""]
[Result "1/2-1/2"]
[Date "2017.07.09"]
[WhiteElo "1944"]
[BlackElo "1704"]
[PlyCount "60"]

1. c4 f5 2. Nc3 Nf6 3. Nf3 e6 4. g3 Be7 5. Bg2 0-0 6. 0-0 d6 7. d3 e5 8. e3 Nc6 9. Rb1 a5 10. a3 Kh8 11. Qe2 Qe8 12. Ne1 Bd8 13. Nc2 Ne7 14. f4 c6 15. Bd2 Neg8 16. e4 fxe4 17. dxe4 Bg4 18. Qf2 Qh5 19. Bf3 Bxf3 20. Qxf3 Ng4 21. Qg2 Bb6+ 22. Kh1 Rad8 23. Rbe1 N8f6 24. Ne3 Nxe3 25. Bxe3 Bxe3 26. Rxe3 Ng4 27. Rd3 Rf6 28. Nd1 Rh6 29. Rd2 Rf8 30. Kg1 exf4 1/2-1/2

[Event "South Wales International"]
[White "Cheung, Ryan"]
[Black "Whitehead, Mark A"]
[Site "Cardiff"]
[Round "3.19"]
[Annotator ""]
[Result "0-1"]
[Date "2017.07.09"]
[WhiteElo "1318"]
[BlackElo "1917"]
[PlyCount "60"]

1. d4 Nf6 2. c4 e6 3. Nf3 Bb4+ 4. Bd2 Qe7 5. Nc3 Nc6 6. a3 Bxc3 7. Bxc3 d6 8. e3 0-0 9. Bd3 e5 10. dxe5 dxe5 11. Bc2 Bg4 12. e4 Rad8 13. Qe2 Nh5 14. 0-0 Rd6 15. h3 Nf4 16. Qe3 Bxf3 17. Qxf3 Rg6 18. g4 h5 19. Rfd1 hxg4 20. hxg4 Qh4 21. Kf1 Rxg4 22. Ke1 Rg1+ 23. Kd2 Rd8+ 24. Ke3 Ng2+ 25. Ke2 Rdxd1 26. Rxd1 Rxd1 27. Bxd1 Qh1 28. Kd2 Qh6+ 29. Kc2 Nd4+ 30. Bxd4 Ne1+ 0-1

[Event "South Wales International"]
[White "Sivarajasingam, Venetia"]
[Black "Ray, Hiya"]
[Site "Cardiff"]
[Round "3.20"]
[Annotator ""]
[Result "1-0"]
[Date "2017.07.09"]
[WhiteElo "1710"]
[BlackElo "1523"]
[PlyCount "97"]

1. e4 c5 2. Nf3 d6 3. Bb5+ Bd7 4. Bxd7+ Qxd7 5. c4 Nc6 6. Nc3 Nf6 7. d4 cxd4 8. Nxd4 g6 9. 0-0 Bg7 10. Nde2 0-0 11. f3 Rac8 12. Be3 a6 13. Rc1 Ne5 14. b3 b5 15. cxb5 axb5 16. Bd4 b4 17. Bxe5 dxe5 18. Qxd7 Nxd7 19. Nd5 Ra8 20. Nxb4 e6 21. Rc2 Rfc8 22. Rxc8+ Rxc8 23. Rc1 Rxc1+ 24. Nxc1 Bh6 25. Ncd3 Be3+ 26. Kf1 Kf8 27. Nc6 f6 28. a4 Nb6 29. a5 Na8 30. Ke2 Bd4 31. Nxd4 exd4 32. Nc5 e5 33. Kd3 Ke7 34. b4 Nc7 35. Kc4 Ne8 36. b5 Nd6+ 37. Kb4 Kd8 38. b6 Kc8 39. a6 Kb8 40. Nd7+ Ka8 41. b7+ Nxb7 42. axb7+ Kxb7 43. Nf8 f5 44. Nd7 Kc6 45. Nxe5+ Kd6 46. Nd3 fxe4 47. fxe4 g5 48. Kc4 h5 49. Kxd4 1-0

[Event "South Wales International"]
[White "Jeanes, Andrew"]
[Black "Williams, David J"]
[Site "Cardiff"]
[Round "3.21"]
[Annotator ""]
[Result "1-0"]
[Date "2017.07.09"]
[WhiteElo "1622"]
[BlackElo "1518"]
[PlyCount "61"]

1. c4 c5 2. Nc3 Nf6 3. d3 g6 4. e4 d6 5. f4 Bg7 6. Nf3 Nc6 7. Be2 0-0 8. 0-0 a6 9. h3 Qc7 10. Be3 b6 11. Qd2 e6 12. Nh2 Nd4 13. Bf3 Nxf3+ 14. Nxf3 Re8 15. Nh2 Bb7 16. f5 exf5 17. exf5 Nh5 18. fxg6 fxg6 19. Ne4 Bxe4 20. dxe4 Qc6 21. Ng4 Rxe4 22. Rac1 Rae8 23. Rf3 Bd4 24. Bxd4 Rxd4 25. Qg5 Rde4 26. Rcf1 Re1 27. Rxe1 Rxe1+ 28. Kh2 Re8 29. Nh6+ Kg7 30. Ng4 Qe4 31. Re3 1-0

[Event "South Wales International"]
[White "Chong, Kimberly"]
[Black "Emblem, Mark"]
[Site "Cardiff"]
[Round "3.22"]
[Annotator ""]
[Result "1-0"]
[Date "2017.07.09"]
[WhiteElo "1356"]
[BlackElo "1567"]
[PlyCount "67"]

1. e4 c5 2. c3 g6 3. Nf3 Nc6 4. Bc4 e6 5. 0-0 Bg7 6. d4 Nge7 7. d5 Ne5 8. Nxe5 Bxe5 9. dxe6 fxe6 10. Bh6 Ng8 11. Be3 b6 12. f4 Bg7 13. f5 Bb7 14. fxe6 Nf6 15. e5 dxe6 16. Qxd8+ Rxd8 17. exf6 Bf8 18. f7+ Kd7 19. Rd1+ Bd6 20. Bh6 Bd5 21. Bxd5 exd5 22. Bg7 Ke6 23. Bxh8 Rxh8 24. Rf1 Rf8 25. Nd2 Be5 26. Rae1 Kd6 27. Nf3 Bf6 28. Ng5 Be5 29. Nxh7 Rxf7 30. Rxf7 a5 31. h4 a4 32. a3 b5 33. Nf8 Bg3 34. Re6# 1-0

[Event "South Wales International"]
[White "Jaberansari, Daniel"]
[Black "Thomas, Roy"]
[Site "Cardiff"]
[Round "3.23"]
[Annotator ""]
[Result "1-0"]
[Date "2017.07.09"]
[WhiteElo "1387"]
[BlackElo "1742"]
[PlyCount "69"]

1. e4 c5 2. c3 d5 3. exd5 Qxd5 4. d4 e6 5. Nf3 Nf6 6. Na3 cxd4 7. Nb5 Na6 8. Qxd4 Bc5 9. Qxd5 Nxd5 10. Nbd4 Nac7 11. Bc4 0-0 12. 0-0 a6 13. Bg5 b5 14. Bb3 Bb7 15. Rfd1 h6 16. Bh4 Nf6 17. Ne5 g5 18. Bg3 Ncd5 19. Bc2 Rac8 20. h4 g4 21. Rd2 Rfd8 22. Rad1 Nh5 23. Bh2 Nhf4 24. Nb3 Bb6 25. Nxg4 Nxg2 26. Bg3 h5 27. Ne5 Ngf4 28. Be4 f5 29. Bh1 Kg7 30. Bxf4 Nxf4 31. Rxd8 Nh3+ 32. Kh2 Bxd8 33. Bxb7 Rb8 34. Kxh3 Kf6 35. Nd7+ 1-0

[Event "South Wales International"]
[White "Orton, Paul"]
[Black "O`rourke, Kevin"]
[Site "Cardiff"]
[Round "3.25"]
[Annotator ""]
[Result "1-0"]
[Date "2017.07.09"]
[WhiteElo "1615"]
[BlackElo "1296"]
[PlyCount "93"]

1. d4 d5 2. Bf4 Nf6 3. e3 Nc6 4. Nd2 Bd7 5. c3 e6 6. Bd3 h6 7. h4 a6 8. Ngf3 Na7 9. Ne5 Bb5 10. Qe2 Bxd3 11. Nxd3 Bd6 12. Ne5 Qe7 13. c4 Bb4 14. a3 Bxd2+ 15. Qxd2 Ne4 16. Qe2 0-0-0 17. f3 Qe8 18. fxe4 f6 19. Nf3 dxe4 20. Nd2 e5 21. Qg4+ Kb8 22. dxe5 fxe5 23. Bg3 h5 24. Qxe4 Nc6 25. 0-0-0 Rh6 26. Nf3 Rhd6 27. Rxd6 cxd6 28. Rd1 Na5 29. Kb1 Qa4 30. Rc1 Nb3 31. Qc2 Rc8 32. Nd2 Nxd2+ 33. Qxd2 Qc6 34. Be1 Ka8 35. Qd5 Qd7 36. Bb4 Ka7 37. Qxd6 Qf5+ 38. Ka1 Rxc4 39. Bc5+ Rxc5 40. Qxc5+ Ka8 41. Qc8+ Qxc8 42. Rxc8+ Ka7 43. Re8 b5 44. Rxe5 Kb6 45. Rd5 Ka5 46. e4 Kb6 47. e5 1-0

[Event "South Wales International"]
[White "Jaberansari, Benjamin"]
[Black "Hurn, Robert Aj"]
[Site "Cardiff"]
[Round "3.26"]
[Annotator ""]
[Result "0-1"]
[Date "2017.07.09"]
[WhiteElo "921"]
[BlackElo "1594"]
[PlyCount "64"]

1. e4 c5 2. c3 Nf6 3. e5 Nd5 4. d4 cxd4 5. cxd4 d6 6. Nf3 Nc6 7. Bc4 e6 8. 0-0 dxe5 9. dxe5 Be7 10. Bb5 Bd7 11. Re1 0-0 12. Be3 a6 13. Ba4 Rc8 14. a3 Qc7 15. Nbd2 Rfd8 16. Rc1 Qb8 17. Bd4 b5 18. Bb3 Nf4 19. Ne4 Be8 20. Qd2 Ng6 21. Rc3 Ngxe5 22. Nxe5 Nxd4 23. Rh3 Qxe5 24. Ng5 Qxg5 25. Qxg5 Bxg5 26. f3 Nxb3 27. Kf2 Rd2+ 28. Kg3 Rxb2 29. Re5 Bf6 30. Re3 Nd4 31. Rh4 Nf5+ 32. Kf4 Nxh4 0-1

[Event "South Wales International"]
[White "Bevan, Peter M"]
[Black "Jyothilal, N."]
[Site "Cardiff"]
[Round "4.3"]
[Annotator ""]
[Result "0-1"]
[Date "2017.07.10"]
[WhiteElo "1933"]
[BlackElo "1982"]
[PlyCount "58"]

1. c4 Nf6 2. g3 e6 3. Bg2 d5 4. Nf3 c5 5. cxd5 exd5 6. d4 Nc6 7. 0-0 Be7 8. dxc5 Bxc5 9. Bg5 0-0 10. Nc3 d4 11. Bxf6 Qxf6 12. Ne4 Qe7 13. Nxc5 Qxc5 14. Ne1 Bf5 15. Nd3 Qb6 16. Qd2 Rfe8 17. Rfe1 Be4 18. Rac1 Rad8 19. b4 Bxd3 20. Bxc6 Rxe2 21. Rxe2 Bxe2 22. Bxb7 Qxb7 23. Qxe2 Qxb4 24. Qe4 g6 25. Rc7 Qd6 26. Qb7 Qe6 27. Qxa7 d3 28. Rc1 d2 29. Rf1 d1=Q 0-1

[Event "South Wales International"]
[White "Chatalbashev, Boris"]
[Black "Ledger, Dave J"]
[Site "Cardiff"]
[Round "4.4"]
[Annotator ""]
[Result "1-0"]
[Date "2017.07.10"]
[WhiteElo "2552"]
[BlackElo "2218"]
[PlyCount "43"]

1. d4 Nf6 2. c4 g6 3. Nc3 Bg7 4. e4 d6 5. Bd3 0-0 6. Nge2 Nc6 7. 0-0 Nh5 8. Bc2 e5 9. d5 Ne7 10. Kh1 f5 11. exf5 gxf5 12. Ng3 Nf6 13. f4 Ng4 14. h3 exf4 15. Nh5 Ne3 16. Bxe3 fxe3 17. Nxg7 Kxg7 18. Qd4+ Kg8 19. Rae1 Ng6 20. Rxe3 a6 21. c5 Bd7 22. c6 1-0

[Event "South Wales International"]
[White "Lauridsen, Jesper Morch"]
[Black "Waterfield, John W"]
[Site "Cardiff"]
[Round "4.6"]
[Annotator ""]
[Result "1/2-1/2"]
[Date "2017.07.10"]
[WhiteElo "2247"]
[BlackElo "1967"]
[PlyCount "67"]

1. e4 c5 2. Nf3 d6 3. d4 cxd4 4. Nxd4 Nf6 5. Nc3 a6 6. g3 e5 7. Nde2 Be7 8. Bg2 0-0 9. 0-0 Nbd7 10. h3 b5 11. a3 Bb7 12. g4 Nc5 13. Ng3 g6 14. Bh6 Re8 15. Qd2 Ne6 16. Rad1 Qc7 17. Nd5 Nxd5 18. exd5 Ng7 19. f4 Bh4 20. Ne4 f5 21. gxf5 Nxf5 22. fxe5 Rxe5 23. Bf4 Re7 24. Bg5 Bxg5 25. Qxg5 Re5 26. Nf6+ Kh8 27. Ng4 Re2 28. Rde1 Rae8 29. Rxe2 Rxe2 30. Qf6+ Qg7 31. Qd8+ Qg8 32. Qf6+ Qg7 33. Qd8+ Qg8 34. Qf6+ 1/2-1/2

[Event "South Wales International"]
[White "Van Kemenade, Rudy"]
[Black "Kett, Tim"]
[Site "Cardiff"]
[Round "4.7"]
[Annotator ""]
[Result "0-1"]
[Date "2017.07.10"]
[WhiteElo "1985"]
[BlackElo "2208"]
[PlyCount "60"]

1. Nf3 d5 2. g3 Nf6 3. Bg2 Bg4 4. h3 Bh5 5. d3 Nbd7 6. 0-0 c6 7. Qe1 e5 8. e4 dxe4 9. dxe4 Bc5 10. Nbd2 0-0 11. Nc4 Re8 12. a4 Bg6 13. Nh4 b5 14. Na5 Qc7 15. b4 Bf8 16. Nxg6 hxg6 17. c4 c5 18. cxb5 cxb4 19. Nc6 a6 20. Bd2 axb5 21. axb5 b3 22. Rxa8 Rxa8 23. Qb1 Nc5 24. Be3 Nfd7 25. Rc1 Qb7 26. Bf1 Ra4 27. Bc4 Rxc4 28. Rxc4 Qxb5 29. Rxc5 Bxc5 30. Bxc5 Qxc5 0-1

[Event "South Wales International"]
[White "Davis, Lee"]
[Black "Brown, Thomas"]
[Site "Cardiff"]
[Round "4.9"]
[Annotator ""]
[Result "1-0"]
[Date "2017.07.10"]
[WhiteElo "1952"]
[BlackElo "2063"]
[PlyCount "73"]

1. b3 g6 2. Bb2 Nf6 3. c4 Bg7 4. g3 0-0 5. Bg2 d6 6. Nf3 e5 7. d3 Nc6 8. 0-0 e4 9. dxe4 Nxe4 10. Bxg7 Kxg7 11. Nd4 Re8 12. Nxc6 bxc6 13. Qd4+ Qf6 14. Qxf6+ Kxf6 15. Bxe4 Rxe4 16. Nc3 Re5 17. e3 Bh3 18. Rfd1 h5 19. Rd4 g5 20. Re1 Rae8 21. b4 Kg6 22. e4 f5 23. f4 gxf4 24. gxf4 R5e7 25. Rd3 Bg4 26. h3 fxe4 27. Rg3 Kf5 28. hxg4+ hxg4 29. b5 e3 30. bxc6 Kxf4 31. Kg2 Re4 32. Rgxe3 Rxe3 33. Nd5+ Kg5 34. Rxe3 Rb8 35. Re2 Kf5 36. Kg3 Rb1 37. Nxc7 1-0

[Event "South Wales International"]
[White "Thorpe, Thomas"]
[Black "Menadue, Jeremy F S"]
[Site "Cardiff"]
[Round "4.10"]
[Annotator ""]
[Result "0-1"]
[Date "2017.07.10"]
[WhiteElo "1892"]
[BlackElo "2046"]
[PlyCount "68"]

1. f4 d5 2. e3 Nf6 3. Nf3 h6 4. Be2 g5 5. Ne5 gxf4 6. exf4 Bf5 7. b3 d4 8. Bf3 c6 9. g4 Be6 10. Qe2 Bg7 11. g5 hxg5 12. fxg5 Nfd7 13. Nd3 Qc7 14. Ba3 Na6 15. Bb2 0-0-0 16. Na3 Nac5 17. Nxc5 Nxc5 18. d3 Bd5 19. Bxd5 Rxd5 20. Qg4+ Ne6 21. 0-0-0 Rxg5 22. Qe2 Rgh5 23. Rdf1 Rxh2 24. Rxh2 Rxh2 25. Qg4 Qe5 26. Nc4 Qg5+ 27. Qxg5 Nxg5 28. Ba3 Kd7 29. Re1 Ne6 30. Ne5+ Ke8 31. Nf3 Rf2 32. Nd2 Bh6 33. Rd1 c5 34. Bb2 Nf4 0-1

[Event "South Wales International"]
[White "Dixon, Chris"]
[Black "Pleasants, Allan J"]
[Site "Cardiff"]
[Round "4.11"]
[Annotator ""]
[Result "0-1"]
[Date "2017.07.10"]
[WhiteElo "1806"]
[BlackElo "2103"]
[PlyCount "62"]

1. Nf3 g6 2. g3 Bg7 3. Bg2 c5 4. 0-0 Nc6 5. d3 d6 6. e4 e6 7. Nc3 Nge7 8. Bg5 f6 9. Be3 e5 10. Qd2 0-0 11. Bh6 Be6 12. Bxg7 Kxg7 13. Nh4 Nd4 14. Ne2 d5 15. Nxd4 cxd4 16. Kh1 g5 17. Nf3 dxe4 18. dxe4 Rc8 19. a3 Qc7 20. Rfc1 Rfd8 21. Bf1 Qc6 22. Bd3 h6 23. Ne1 f5 24. f3 f4 25. g4 h5 26. h3 Rh8 27. Kg2 hxg4 28. fxg4 Bxg4 29. hxg4 Qh6 30. Nf3 Qh3+ 31. Kf2 Qg3+ 0-1

[Event "South Wales International"]
[White "Ralphs, Nigel"]
[Black "Jeanes, Andrew"]
[Site "Cardiff"]
[Round "4.12"]
[Annotator ""]
[Result "1-0"]
[Date "2017.07.10"]
[WhiteElo "2058"]
[BlackElo "1622"]
[PlyCount "56"]

1. e4 c6 2. d4 d5 3. e5 Bf5 4. Nf3 e6 5. Be2 c5 6. 0-0 Nc6 7. Be3 c4 8. b3 cxb3 9. axb3 a6 10. c4 Bxb1 11. Qxb1 Nge7 12. c5 Ng6 13. b4 Be7 14. b5 axb5 15. Qxb5 Rb8 16. Rab1 0-0 17. Bd3 Qa5 18. Qxa5 Nxa5 19. Rb5 Nc6 20. Rfb1 Nd8 21. Bd2 f6 22. Bxg6 hxg6 23. Ba5 Nc6 24. Bc7 Ra8 25. Rxb7 Ra4 26. Bd6 Bxd6 27. exd6 Rb8 28. Rxb8+ Nxb8 1-0

[Event "South Wales International"]
[White "Bridges, Paul"]
[Black "Taylor, Robert Graham"]
[Site "Cardiff"]
[Round "4.15"]
[Annotator ""]
[Result "0-1"]
[Date "2017.07.10"]
[WhiteElo "1796"]
[BlackElo "1944"]
[PlyCount "88"]

1. e4 c5 2. Nc3 Nc6 3. f4 d6 4. Nf3 g6 5. Bc4 Bg7 6. 0-0 Nf6 7. d3 0-0 8. Qe1 e6 9. Bb3 Na5 10. Ne2 c4 11. Ba4 b5 12. Bxb5 Qb6+ 13. Ned4 e5 14. Bxc4 Nxc4 15. dxc4 exd4 16. e5 Ne8 17. Kh1 Bg4 18. b3 Bxf3 19. Rxf3 dxe5 20. fxe5 Nc7 21. Ba3 Rfe8 22. Qf1 Bxe5 23. Rxf7 Qe6 24. Rf3 Bg7 25. Qd3 Qe2 26. Raf1 Qxd3 27. cxd3 Re3 28. Bc1 Rxf3 29. Rxf3 Rf8 30. Rxf8+ Bxf8 31. Kg1 Na6 32. Bb2 Bg7 33. Kf2 Nb4 34. Ke2 Nxa2 35. Kd2 Nb4 36. Ke2 Kf7 37. Bc1 Ke6 38. Bf4 Be5 39. Bd2 Bd6 40. h3 Bc5 41. Be1 Nc2 42. Bd2 Bb4 43. Bc1 Na1 44. Bb2 Nxb3 0-1

[Event "South Wales International"]
[White "Whitehead, Mark A"]
[Black "Chong, Kimberly"]
[Site "Cardiff"]
[Round "4.16"]
[Annotator ""]
[Result "1-0"]
[Date "2017.07.10"]
[WhiteElo "1917"]
[BlackElo "1356"]
[PlyCount "23"]

1. e4 e5 2. Nf3 Nc6 3. Bb5 a6 4. Ba4 Bc5 5. 0-0 b5 6. Bb3 Nf6 7. c3 d6 8. h3 Nxe4 9. d4 Nxf2 10. Rxf2 Bb6 11. Bxf7+ Ke7 12. Bg5+ 1-0

[Event "South Wales International"]
[White "Hurn, Robert Aj"]
[Black "Marusenko, Petr"]
[Site "Cardiff"]
[Round "4.17"]
[Annotator ""]
[Result "0-1"]
[Date "2017.07.10"]
[WhiteElo "1594"]
[BlackElo "2162"]
[PlyCount "120"]

1. d4 d5 2. c4 c6 3. Nc3 Nf6 4. e3 Bf5 5. cxd5 cxd5 6. Qb3 Bc8 7. Nf3 Nc6 8. Bd3 e6 9. 0-0 Bd6 10. e4 dxe4 11. Nxe4 Be7 12. Be3 0-0 13. Rac1 a5 14. a3 Qd5 15. Qc2 Qh5 16. Ng3 Qd5 17. Bc4 Qd8 18. h3 Nd5 19. Bd3 f5 20. Ne2 Bf6 21. Rfd1 Bd7 22. Bc4 Nce7 23. Qd2 Bc6 24. Ne5 Qb6 25. Nf4 Nxf4 26. Bxf4 Nd5 27. Bg5 Bxe5 28. dxe5 a4 29. Qe2 Rac8 30. Bxd5 Bxd5 31. Be7 Rfe8 32. Bb4 Rc6 33. Rxc6 Qxc6 34. f3 Bb3 35. Rd2 b5 36. Bc3 Bd5 37. Kh2 Rc8 38. Qe3 h6 39. Rd4 Kh7 40. Qd3 g5 41. Qe3 Rg8 42. Qd3 Rg6 43. Qe2 h5 44. Qd1 g4 45. hxg4 hxg4 46. Rd3 gxf3 47. gxf3 Qb7 48. Bd2 Qg7 49. Bf4 Rg2+ 50. Kh1 Rf2 51. Qg1 Bxf3+ 52. Rxf3 Qxg1+ 53. Kxg1 Rxf3 54. Bc1 Kg6 55. Kg2 Rd3 56. Kf2 Kh5 57. Ke2 Rh3 58. Kf2 Kg4 59. Kg2 Rd3 60. Kf2 f4 0-1